Prevencia agresivity a šikanovania

Bibliographic Details
Main Author: Říčan, Pavel, 1933- (Author)
Format: Article
Language:Slovak
ISSN:0139-6919
Subjects:

MARC

LEADER 00000nab a2200000 a 4500
001 vtls008701904
003 SK-MaSNL
005 20260304144549.0
008 250505c2006 xo mr|p||| |000 b|slo
015 |a SNBRB2006/5 
035 |a (uuid)1d15fb0f-5326-4519-aed2-85f437e4e062 
035 |a urn:nbn:sk:snk-abd55m 
035 |a (urnnbn)urn:nbn:sk:snk:ar-007flr 
038 |a SPK 
040 |a SNKBUCL  |b slo  |c SNKBUCL  |e AACR2 
041 0 |a slo 
044 |a xo  |c SK 
080 |a 616.89-008.44  |2 1997 
080 |a 316.624  |2 1997 
080 |a 37.01  |2 1997 
100 1 |a Říčan, Pavel,  |d 1933-  |4 aut  |9 87099 
245 1 0 |a Prevencia agresivity a šikanovania  |c Pavel Říčan 
500 |a Článok je výňatkom z publikácie Pavla Říčana s názvom Agresivita a šikanovanie medzi deťmi, ktorá vyšla v roku 1988 vo vydavateľstve Educatio 
650 0 7 |a agresivita  |2 snkbucl  |9 14196 
650 0 7 |a šikanovanie  |2 snkbucl  |9 14958 
650 0 7 |a prevencia  |2 snkbucl  |9 276631 
650 0 7 |a školy  |2 snkbucl  |9 1276 
773 0 |t Vychovávateľ  |g Roč. LIII, č. 9 (2006), s. 23-26  |x 0139-6919 
850 |a Slovenská národná knižnica 
852 |a Slovenská národná knižnica 
954 |a odborná, vedecká literatúra cudzojazyčná (svetová)  |2 lita 
958 |a article17 
958 |a OND 
958 |a EUIPO 
999 |c 2932003  |d 2933933